Modern problems of stellar evolution (Record no. 12985)

MARC details
000 -LEADER
fixed length control field 00889nam a2200217Ia 4500
003 - CONTROL NUMBER IDENTIFIER
control field IN-BaIIA
008 - FIXED-LENGTH DATA ELEMENTS--GENERAL INFORMATION
fixed length control field 211028s9999 xx 000 0 eng d
020 ## - INTERNATIONAL STANDARD BOOK NUMBER
International Standard Book Number 05-89118-58-8
040 ## - CATALOGING SOURCE
Transcribing agency IIA Library
080 ## - UNIVERSAL DECIMAL CLASSIFICATION NUMBER
Universal Decimal Classification number 524.3-54
Item number MOD
111 ## - MAIN ENTRY--MEETING NAME
Meeting name or jurisdiction name as entry element International Conference on Modern Problems of Stellar Evolution
Location of meeting Russia
Date of meeting or treaty signing 1998 Oct. 13-15
9 (RLIN) 22802
245 #0 - TITLE STATEMENT
Title Modern problems of stellar evolution
Remainder of title proceedings of the International conference in honor of Prof. A. G Massevitch's 80th birthday held in Zvenigorod, Russia, 13-15 Oct 1998
Statement of responsibility, etc. edited by D. S. Weibe
260 ## - PUBLICATION, DISTRIBUTION, ETC.
Place of publication, distribution, etc. Geos
Name of publisher, distributor, etc. Russian Academy of Sciences
Date of publication, distribution, etc. 1998
300 ## - PHYSICAL DESCRIPTION
Extent viii, 311p.
650 ## - SUBJECT ADDED ENTRY--TOPICAL TERM
Topical term or geographic name entry element Star formation
650 ## - SUBJECT ADDED ENTRY--TOPICAL TERM
Topical term or geographic name entry element Stellar evolution
650 ## - SUBJECT ADDED ENTRY--TOPICAL TERM
Topical term or geographic name entry element stellar structure
700 ## - ADDED ENTRY--PERSONAL NAME
Personal name Weibe, D.S ed.
9 (RLIN) 22803
710 ## - ADDED ENTRY--CORPORATE NAME
Corporate name or jurisdiction name as entry element Russian Academy of Sciences
9 (RLIN) 22804
942 ## - ADDED ENTRY ELEMENTS (KOHA)
Koha item type Books
Holdings
Withdrawn status Lost status Damaged status Not for loan Home library Current library Shelving location Date acquired Cost, normal purchase price Total Checkouts Full call number Barcode Date last seen Cost, replacement price Price effective from Koha item type Purchase Price
        IIA Library-Bangalore IIA Library-Bangalore General Stacks 25/05/1999 1686.00   524.3-54/ MOD 13902 05/11/2021 1686.00 25/05/1999 Books Rs. 1686.00

Powered by Koha